000 00928nas a2200301 4500
001 BR2011004100
003 BR-BrBNA
005 20231205115451.0
007 ta
008 230509b bl.|||p| |||| 00| 00por d
040 _aBR-BrBNA
_bpor
_cBiblioteca Nacional de Agricultura
041 _a(Pt)
072 _aK10
100 1 _aGonçalves, E. de O.
100 1 _aPaiva, H.N. de
100 1 _aNeves, J.C. de L.
100 1 _aGomes, J.M.
245 1 _aCrescimento de mudas de sansão-do-campo (Mimosa caesalpiniaefolia Benth.)sob diferentes doses de macronutrientes
650 _aESSÊNCIA FLORESTAL
650 _aMUDA
650 _aCRESCIMENTO
650 _aSABIÁ
650 _aÁRVORE ANGIOSPERMA
650 _aNUTRIENTE MINERAL
773 0 _tScientia Forestalis (Brazil)
_xISSN 1413-9324
_g(Dec 2010), v. 38(88) p. 599-609
_wBR2011004100
909 _a202311
_bLúcia
_c55
_dLúcia Elande
942 _2AGRIS
_n0
_cANA
999 _c213965
_d213965